[Event "Urals-ch 74th"]
[Site "Khanty-Mansiysk"]
[Date "2016.03.28"]
[Round "6"]
[White "Kuznetsov, Evgeni"]
[Black "Kolbyshev, Sergei"]
[Result "1/2-1/2"]
[WhiteElo "1955"]
[BlackElo "2094"]
[PlyCount "57"]
[EventDate "2016.03.23"]
[EventType "swiss"]
[EventRounds "9"]
[EventCountry "RUS"]
[SourceTitle "CBM 171 Extra"]
[Source "ChessBase"]
[SourceDate "2016.04.26"]
[SourceVersion "1"]
[SourceVersionDate "2016.04.26"]
[SourceQuality "1"]

1. e4 c5 2. Nf3 e6 3. d4 cxd4 4. Nxd4 Nf6 5. Nc3 Nc6 6. Ndb5 d6 7. Bf4 e5 8. Bg5 a6 9. Na3 Be6 10. Nc4 Rc8 11. Bxf6 gxf6 12. Bd3 f5 13. exf5 Bxc4 14. Bxc4 Nd4 15. Bb3 Qg5 16. Bd5 b5 17. Ne4 Qxf5 18. c3 Nc6 19. Qd3 Qg6 20. Qf3 Nd8 21. Nf6+ Ke7 22. Bb7 Nxb7 23. Qxb7+ Kxf6 24. Qxc8 Qxg2 25. Rf1 Qe4+ 26. Kd1 Qd3+ 27. Ke1 Qe4+ 28. Kd1 Qd3+ 29. Ke1 1/2-1/2

[Event "Urals-ch 74th"]
[Site "Khanty-Mansiysk"]
[Date "2016.03.27"]
[Round "5"]
[White "Deryagin, Aleksandr"]
[Black "Kuznetsov, Evgeni"]
[Result "0-1"]
[WhiteElo "1770"]
[BlackElo "1955"]
[PlyCount "82"]
[EventDate "2016.03.23"]
[EventType "swiss"]
[EventRounds "9"]
[EventCountry "RUS"]
[SourceTitle "CBM 171 Extra"]
[Source "ChessBase"]
[SourceDate "2016.04.26"]
[SourceVersion "1"]
[SourceVersionDate "2016.04.26"]
[SourceQuality "1"]

1. e4 c5 2. d4 cxd4 3. c3 d5 4. Qxd4 dxe4 5. Qxd8+ Kxd8 6. Bc4 e6 7. Ne2 h6 8. Bf4 Nc6 9. Nd2 e5 10. Bg3 f5 11. 0-0-0 Ke8 12. f4 g5 13. fxe5 f4 14. Nxf4 gxf4 15. Bxf4 Bf5 16. Rhe1 Rd8 17. h3 h5 18. Nxe4 Rxd1+ 19. Kxd1 Bxe4 20. Rxe4 Bh6 21. g3 Nge7 22. Ke2 Nf5 23. Kf2 Rf8 24. Kg2 Ke7 25. Be2 Bxf4 26. gxf4 Rg8+ 27. Kh2 h4 28. Bg4 Ke6 29. b4 b5 30. Be2 Ng3 31. Bg4+ Rxg4 32. hxg4 Nxe4 33. Kh3 Nxc3 34. Kxh4 Ne2 35. Kg5 Nxb4 36. f5+ Kxe5 37. f6 Ke6 38. Kg6 Nf4+ 39. Kg7 Ke5 40. g5 Kf5 41. f7 Ng6 0-1

[Event "Urals-ch 74th"]
[Site "Khanty-Mansiysk"]
[Date "2016.03.26"]
[Round "4"]
[White "Kuznetsov, Evgeni"]
[Black "Ryabov, Georgy"]
[Result "1-0"]
[WhiteElo "1955"]
[BlackElo "1701"]
[PlyCount "73"]
[EventDate "2016.03.23"]
[EventType "swiss"]
[EventRounds "9"]
[EventCountry "RUS"]
[SourceTitle "CBM 171 Extra"]
[Source "ChessBase"]
[SourceDate "2016.04.26"]
[SourceVersion "1"]
[SourceVersionDate "2016.04.26"]
[SourceQuality "1"]

1. e4 c5 2. Nf3 e6 3. d4 cxd4 4. Nxd4 a6 5. c4 Qc7 6. Bd3 g6 7. 0-0 Bg7 8. Be3 Nf6 9. Nc3 0-0 10. Qe2 d6 11. Rac1 Nbd7 12. f4 b6 13. b4 Bb7 14. h3 Rfe8 15. Nf3 Nh5 16. Qf2 e5 17. Nd5 Bxd5 18. cxd5 Qb7 19. fxe5 Nxe5 20. Nxe5 Bxe5 21. Rc6 b5 22. Rfc1 Rac8 23. g4 Ng7 24. Kg2 h5 25. g5 Red8 26. Qc2 Rxc6 27. Qxc6 Qxc6 28. dxc6 Rc8 29. a4 Ne6 30. axb5 Bf4 31. b6 Bxe3 32. b7 Rb8 33. c7 Nxc7 34. Rxc7 Ba7 35. Rc8+ Kg7 36. Bxa6 f6 37. b5 1-0

[Event "Urals-ch 74th"]
[Site "Khanty-Mansiysk"]
[Date "2016.03.25"]
[Round "3"]
[White "Gavrilin, Roman"]
[Black "Kuznetsov, Evgeni"]
[Result "1-0"]
[WhiteElo "1517"]
[BlackElo "1955"]
[PlyCount "111"]
[EventDate "2016.03.23"]
[EventType "swiss"]
[EventRounds "9"]
[EventCountry "RUS"]
[SourceTitle "CBM 171 Extra"]
[Source "ChessBase"]
[SourceDate "2016.04.26"]
[SourceVersion "1"]
[SourceVersionDate "2016.04.26"]
[SourceQuality "1"]

1. e4 c5 2. Nf3 Nc6 3. d4 cxd4 4. Nxd4 e5 5. Nb5 d6 6. N1c3 a6 7. Na3 Nf6 8. Bg5 Be7 9. Be2 Nd4 10. 0-0 Nxe4 11. Nxe4 Bxg5 12. c3 Nxe2+ 13. Qxe2 Be7 14. Rad1 Be6 15. Nc4 d5 16. Nxe5 Qc7 17. Ng3 0-0 18. Rfe1 Bd6 19. Nf3 Rae8 20. Qd3 Bf4 21. Nh5 Bh6 22. Ng3 g6 23. Nd4 Bd7 24. h3 Bg7 25. Qd2 Ba4 26. Rc1 h5 27. b3 Bd7 28. Qg5 Rxe1+ 29. Rxe1 Qxc3 30. Nf3 Bc6 31. Ne2 Qb2 32. Nf4 Qf6 33. Qg3 d4 34. Rd1 Rd8 35. Nd3 Bxf3 36. gxf3 Rc8 37. Kg2 Rc2 38. Qb8+ Kh7 39. Qxb7 Rxa2 40. Qe4 Qg5+ 41. Kf1 Rd2 42. Qe1 Rxd1 43. Qxd1 Qf5 44. Kg2 Be5 45. f4 Bxf4 46. Qf3 Qg5+ 47. Kf1 Qb5 48. Kg2 Be5 49. Qxf7+ Kh6 50. Nxe5 Qxe5 51. Qf8+ Kg5 52. Qd8+ Qf6 53. h4+ Kf5 54. Qd5+ Kg4 55. Qe4+ Qf4 56. f3+ 1-0